[Event "36th ECC Open 2021"]
[Site "Struga MKD"]
[Date "2021.09.21"]
[Round "4.13"]
[Board "4"]
[White "Slavin, Gennadie"]
[Black "Loescher, Leon"]
[Result "1-0"]
[WhiteElo "2264"]
[BlackElo "1847"]
[WhiteTeam "Perfect"]
[BlackTeam "SV Raika Rapid Feffernitz"]
[WhiteFideId "4104870"]
[BlackFideId "1623915"]
[EventDate "2021.09.18"]
[EventType "team"]

1. e4 e5 2. Nc3 Nf6 3. Bc4 Nc6 4. d3 Na5 5. Qf3 Nxc4 6. dxc4 h6 7. Nge2 Be7 8.
O-O O-O 9. Be3 d6 10. h3 c6 11. Rad1 Be6 12. b3 Qd7 13. Ng3 Kh7 14. Bc5 Qc7 15.
Ba3 Rad8 16. Nf5 Bxf5 17. Qxf5+ g6 18. Qf3 Nd7 19. Qe3 f5 20. exf5 gxf5 21. f4
Nb6 22. fxe5 dxe5 23. Bxe7 Qxe7 24. Rxd8 Qxd8 25. Qxe5 Qf6 26. Qxf6 Rxf6 27. Ne4
Re6 28. Nc5 Re2 29. Rf2 Re1+ 30. Kh2 Re7 31. Rxf5 Nc8 32. Rf6 Kg7 33. Re6 Rf7
34. Kg3 b6 35. Nd3 Rf6 36. Rxf6 Kxf6 37. Kf4 1-0

[Event "36th ECC Open 2021"]
[Site "Struga MKD"]
[Date "2021.09.21"]
[Round "4.13"]
[Board "5"]
[White "Tscharnuter, Noah"]
[Black "Kurochkin, Victor"]
[Result "0-1"]
[WhiteElo "1897"]
[BlackElo "2407"]
[WhiteTeam "SV Raika Rapid Feffernitz"]
[BlackTeam "Perfect"]
[WhiteFideId "1636235"]
[BlackFideId "4105168"]
[EventDate "2021.09.18"]
[EventType "team"]

1. e4 c5 2. c3 e5 3. Nf3 Nc6 4. Bb5 Bd6 5. O-O Nge7 6. d3 O-O 7. Bg5 h6 8. Bh4
Qb6 9. Na3 Ng6 10. Qe2 Be7 11. Bxc6 Nxh4 12. Nxh4 dxc6 13. Nc4 Qc7 14. Qh5 Kh7
15. Nf5 Bg5 16. Qf3 g6 17. h4 Bd8 18. Nfe3 Bxh4 19. Ng4 h5 20. Nh2 Kg7 21. Qe2
Be6 22. Ne3 Rad8 23. Nf3 Bf6 24. g3 Rh8 25. Ng2 Bc8 26. Nfh4 Qd7 27. Rad1 Qh3
28. Qe3 b6 29. f4 Qg4 30. fxe5 Bxe5 31. Rf3 Rhe8 32. Rdf1 Re7 33. Qf2 Qe6 34.
Ne3 Kg8 35. Nc4 Bg7 36. e5 Qd5 37. Nd6 Be6 38. c4 Qd4 39. Qxd4 cxd4 40. Ne4 Bxe5
41. Ng5 Rdd7 42. Re1 Bg4 43. Nxf7 Bxg3 44. Nh6+ Kh7 45. Rxe7+ Rxe7 46. Nxg4 Bxh4
47. Nf6+ Bxf6 48. Rxf6 c5 49. b4 cxb4 50. Rd6 Re2 51. Rd7+ Kh6 52. Rxa7 Rd2 53.
Ra4 Rxd3 54. Rxb4 Rc3 55. Rxb6 Rxc4 56. Rd6 Ra4 57. Rd5 0-1

[Event "36th ECC Open 2021"]
[Site "Struga MKD"]
[Date "2021.09.21"]
[Round "4.13"]
[Board "6"]
[White "Pleshkov, Mikhail"]
[Black "Valtiner, Adamo"]
[Result "0-1"]
[WhiteElo "1984"]
[BlackElo "1946"]
[WhiteTeam "Perfect"]
[BlackTeam "SV Raika Rapid Feffernitz"]
[WhiteFideId "34106917"]
[BlackFideId "1647962"]
[EventDate "2021.09.18"]
[EventType "team"]

1. d4 Nf6 2. Nf3 c5 3. e3 d5 4. b3 Bf5 5. Bd3 e6 6. Bxf5 exf5 7. O-O Nc6 8. Ba3
Ne4 9. c4 dxc4 10. d5 Nb4 11. bxc4 Bd6 12. Qa4+ Qd7 13. Qxd7+ Kxd7 14. Bxb4 cxb4
15. Nd4 Rhc8 16. f3 Nf6 17. Nd2 f4 18. exf4 Bc5 19. Nb3 Bxd4+ 20. Nxd4 Rxc4 21.
Rfd1 Nxd5 22. Nf5 Kc6 23. Rxd5 Kxd5 24. Ne3+ Kd4 25. Nxc4 Kxc4 26. Rc1+ Kb5 27.
Rc7 a5 28. Rxb7+ Ka4 29. Rxf7 g6 30. f5 Ka3 31. Rxh7 a4 32. f6 Rf8 33. f7 Rxf7
34. Rxf7 Kxa2 0-1

[Event "36th ECC Open 2021"]
[Site "Struga MKD"]
[Date "2021.09.21"]
[Round "4.14"]
[Board "1"]
[White "Smith, Axel"]
[Black "Sarrau, Jelle"]
[Result "1/2-1/2"]
[WhiteTitle "GM"]
[BlackTitle "FM"]
[WhiteElo "2451"]
[BlackElo "2374"]
[WhiteTeam "Lunds ASK"]
[BlackTeam "Zuid-Limburg"]
[WhiteFideId "1707930"]
[BlackFideId "207608"]
[EventDate "2021.09.18"]
[EventType "team"]

1. c4 Nf6 2. g3 e6 3. Bg2 d5 4. Nf3 dxc4 5. Qa4+ Bd7 6. Qxc4 c5 7. Ne5 Qc8 8.
Nxd7 Qxd7 9. O-O Nc6 10. b3 Be7 11. Bb2 O-O 12. Rd1 Rac8 13. Nc3 Rfd8 14. Rac1
b6 15. Ne4 Nd5 16. Qd3 Qe8 17. Qb1 Nd4 18. Re1 h6 19. d3 f5 20. Nd2 Bg5 21. e3
Qh5 22. Rcd1 Nb5 23. Bf3 Qf7 24. Bxd5 Rxd5 25. a4 Nc7 26. Nf3 Bf6 27. Bxf6 Qxf6
28. d4 cxd4 29. Nxd4 Rc5 30. Rc1 Nd5 1/2-1/2

[Event "36th ECC Open 2021"]
[Site "Struga MKD"]
[Date "2021.09.21"]
[Round "4.14"]
[Board "2"]
[White "Suvorov, Alexander"]
[Black "Ahlander, Bjorn"]
[Result "1/2-1/2"]
[WhiteTitle "FM"]
[BlackTitle "IM"]
[WhiteElo "2363"]
[BlackElo "2383"]
[WhiteTeam "Zuid-Limburg"]
[BlackTeam "Lunds ASK"]
[WhiteFideId "12977063"]
[BlackFideId "1700251"]
[EventDate "2021.09.18"]
[EventType "team"]

1. d4 d5 2. c4 e6 3. Nc3 a6 4. cxd5 exd5 5. Bf4 c6 6. e3 Bd6 7. Bxd6 Qxd6 8. Bd3
Ne7 9. Qc2 g6 10. Nf3 Bf5 11. Bxf5 Nxf5 12. O-O-O Nd7 13. Kb1 O-O-O 14. Ne1 Kb8
15. Na4 Rc8 16. Nd3 Ka7 17. Rc1 Rc7 18. Qb3 Ne7 19. h4 h5 20. Rc3 f6 21. Ndc5
Nc8 22. Qc2 Rg8 23. Nd3 Ne7 24. g3 Qe6 25. Nf4 Qf7 26. Rb3 Nc8 27. Nc5 Nxc5 28.
Qxc5+ Ka8 29. Rc1 Rg7 30. Nd3 Qe7 31. Qc2 Qe4 32. Qe2 Rge7 33. Qd1 Nd6 34. Ka1
Qf5 35. Rbc3 Ne4 36. R3c2 Kb8 37. a3 Re8 38. Qe2 Kc8 39. Rg1 Rh7 40. Rcc1 Kb8
41. Rcf1 Nd6 42. Nc5 1/2-1/2

[Event "36th ECC Open 2021"]
[Site "Struga MKD"]
[Date "2021.09.21"]
[Round "4.14"]
[Board "3"]
[White "Dragicevic, Drazen"]
[Black "Lenaerts, Lennert"]
[Result "1/2-1/2"]
[WhiteTitle "FM"]
[BlackTitle "FM"]
[WhiteElo "2344"]
[BlackElo "2358"]
[WhiteTeam "Lunds ASK"]
[BlackTeam "Zuid-Limburg"]
[WhiteFideId "1707922"]
[BlackFideId "211435"]
[EventDate "2021.09.18"]
[EventType "team"]

1. c4 e6 2. g3 Nf6 3. Bg2 d5 4. Nf3 Be7 5. O-O O-O 6. Qc2 d4 7. e3 c5 8. exd4
cxd4 9. d3 Nc6 10. Re1 Bd6 11. Bd2 a5 12. Na3 e5 13. Nb5 Bb8 14. a3 h6 15. b4 a4
16. c5 Re8 17. Nd6 Bxd6 18. cxd6 Qxd6 19. b5 Na7 20. Qxa4 Bd7 21. Qb4 Qxb4 22.
Bxb4 Bxb5 23. Nxe5 Nc6 24. Nxc6 Rxe1+ 25. Rxe1 bxc6 26. Rc1 Bxd3 27. Rxc6 Rd8
28. Rd6 Rc8 29. h3 Rc1+ 30. Kh2 Rc4 31. Rc6 Rxc6 32. Bxc6 Ne4 33. Kg2 f5 34. a4
Kf7 35. a5 Ba6 36. f3 Nc3 37. Kf2 Ke6 38. Ke1 Ne2 39. Bf8 Kf7 40. Bc5 Ke6 41.
Kd2 d3 42. Bf2 Kd6 43. Be8 Ke5 44. f4+ Kd5 45. Bg6 Ke4 46. g4 Kf3 47. Bxf5 Nxf4
48. Be3 Nxh3 49. Bxd3 Bc8 50. Be2+ Kg3 51. Kc3 Nf4 52. Bxf4+ Kxf4 53. Kd4 g6 54.
Kc5 Kg5 55. Kc6 h5 56. gxh5 gxh5 57. Kc7 Bf5 58. a6 Be4 59. a7 h4 60. Ba6 h3 1/2-1/2

[Event "36th ECC Open 2021"]
[Site "Struga MKD"]
[Date "2021.09.21"]
[Round "4.14"]
[Board "4"]
[White "Van Meegen, Ruud"]
[Black "Jogstad, Martin"]
[Result "0-1"]
[WhiteTitle "FM"]
[BlackTitle "FM"]
[WhiteElo "2291"]
[BlackElo "2341"]
[WhiteTeam "Zuid-Limburg"]
[BlackTeam "Lunds ASK"]
[WhiteFideId "1034995"]
[BlackFideId "1715364"]
[EventDate "2021.09.18"]
[EventType "team"]

1. d4 e6 2. c4 d5 3. Nc3 a6 4. cxd5 exd5 5. Bf4 Nf6 6. e3 Bd6 7. Bxd6 Qxd6 8.
Bd3 O-O 9. h3 Nc6 10. Nf3 Ne7 11. Qc2 g6 12. O-O Bf5 13. Rab1 c6 14. Rfc1 Rfc8
15. Na4 Qc7 16. Ne5 Kg7 17. Qb3 Bxd3 18. Nxd3 Re8 19. Qb6 Qc8 20. Nac5 Rb8 21.
Ne5 Nf5 22. b4 Nd6 23. a4 Re7 24. Ncd3 Nd7 25. Nxd7 Qxd7 26. Ne5 Qe8 27. Qc5 Rd8
28. Qc2 h5 29. Qe2 Re6 30. Nd3 Qe7 31. Rc2 Qg5 32. Nc5 Re7 33. Qf3 Rde8 34. Rbc1
Nc4 35. Kh2 Qh6 36. b5 axb5 37. axb5 Nxe3 38. bxc6 Nxc2 39. Rxc2 bxc6 40. Nd3 g5
41. Ne5 Rc8 42. Qf5 Rec7 43. Nf3 f6 44. h4 Qg6 45. Qxg6+ Kxg6 46. hxg5 fxg5 47.
Ne5+ Kf5 0-1

[Event "36th ECC Open 2021"]
[Site "Struga MKD"]
[Date "2021.09.21"]
[Round "4.14"]
[Board "5"]
[White "Storme, Isak"]
[Black "Zimmermann, Luc"]
[Result "1-0"]
[WhiteTitle "FM"]
[BlackTitle "CM"]
[WhiteElo "2304"]
[BlackElo "2133"]
[WhiteTeam "Lunds ASK"]
[BlackTeam "Zuid-Limburg"]
[WhiteFideId "1728113"]
[BlackFideId "1007033"]
[EventDate "2021.09.18"]
[EventType "team"]

1. d4 Nf6 2. c4 g6 3. h4 c5 4. d5 d6 5. Nc3 e6 6. e4 exd5 7. exd5 Qe7+ 8. Be2
Bg7 9. Be3 Ne4 10. Nxe4 Qxe4 11. Qd2 h5 12. Nf3 Bf5 13. Rc1 O-O 14. O-O Qe7 15.
Bg5 Qc7 16. Rfe1 Nd7 17. Bh6 Rfe8 18. Bxg7 Kxg7 19. Bd3 Bxd3 20. Qxd3 Kg8 21.
Qc3 Nf8 22. Re3 Nh7 23. Rce1 Qd7 24. R1e2 b6 25. b3 a6 26. Qe1 Nf6 27. Ng5 Rxe3
28. Rxe3 Re8 29. Qc3 Ng4 30. Rxe8+ Qxe8 31. f3 Ne5 32. Qe3 Qd8 33. Qf4 Kg7 34.
Kh2 Qf6 35. Kg3 Qxf4+ 36. Kxf4 Kf6 37. Ne4+ Ke7 38. g4 hxg4 39. fxg4 f6 40. h5
gxh5 41. gxh5 b5 42. h6 bxc4 43. bxc4 Nxc4 44. h7 Ne5 45. Kf5 Nf7 46. Nxf6 c4
47. Ne4 Nh8 48. Kg5 a5 49. a4 Kd7 50. Kf6 Kd8 51. Nxd6 c3 52. Nb7+ Kd7 53. Nxa5
Kd6 54. Kg7 1-0

[Event "36th ECC Open 2021"]
[Site "Struga MKD"]
[Date "2021.09.21"]
[Round "4.14"]
[Board "6"]
[White "Perkampus, Laurin"]
[Black "Nord, Alexander"]
[Result "1-0"]
[WhiteElo "2010"]
[BlackElo "2144"]
[WhiteTeam "Zuid-Limburg"]
[BlackTeam "Lunds ASK"]
[WhiteFideId "16232283"]
[BlackFideId "1738135"]
[EventDate "2021.09.18"]
[EventType "team"]

1. d4 Nf6 2. c4 e6 3. Nc3 Bb4 4. Qc2 Nc6 5. Nf3 d6 6. Bd2 O-O 7. a3 Bxc3 8. Bxc3
Qe7 9. e3 e5 10. dxe5 dxe5 11. b4 Rd8 12. Be2 e4 13. Nd4 Ne5 14. O-O Bg4 15.
Bxg4 Nexg4 16. Nf5 Qe6 17. f3 Qxf5 18. fxg4 Qg5 19. Rf4 Nxg4 20. Qxe4 h5 21. Bd4
c6 22. Rf5 Qg6 23. Qf4 f6 24. Qf3 Re8 25. Rf1 Re6 26. Qh3 Rae8 27. Rxh5 Nxe3 28.
Rh8+ Kf7 29. Rxe8 Rxe8 30. Bxe3 Qd3 31. Bxa7 1-0

[Event "36th ECC Open 2021"]
[Site "Struga MKD"]
[Date "2021.09.21"]
[Round "4.15"]
[Board "1"]
[White "Reizniece-Ozola, Dana"]
[Black "Kunin, Vitaly"]
[Result "1/2-1/2"]
[WhiteTitle "WGM"]
[BlackTitle "GM"]
[WhiteElo "2283"]
[BlackElo "2562"]
[WhiteTeam "Wasa SK"]
[BlackTeam "Gambit Bonnevoie"]
[WhiteFideId "11601124"]
[BlackFideId "4128737"]
[EventDate "2021.09.18"]
[EventType "team"]

1. c4 e5 2. g3 c6 3. d4 e4 4. d5 Nf6 5. Bg2 Bb4+ 6. Bd2 Qe7 7. Nc3 O-O 8. Nh3
cxd5 9. cxd5 d6 10. O-O Bf5 11. f3 Bc5+ 12. Kh1 h6 13. g4 Bg6 14. Na4 Nxd5 15.
Nxc5 dxc5 16. Bxh6 Rd8 17. Bg5 f6 18. Bd2 Nc6 19. Qe1 Nd4 20. Rc1 Nc2 21. Qg3
Nde3 22. Bxe3 Nxe3 23. Rg1 Rd2 24. g5 fxg5 25. Nxg5 Rxe2 26. Nxe4 Bxe4 27. fxe4
Nxg2 28. Rxg2 Rxg2 29. Qb3+ Kh8 30. Qh3+ Kg8 31. Qb3+ Qf7 32. Kxg2 Qxb3 33. axb3
b6 34. Rd1 Kf7 35. Rd7+ Kf6 36. h4 g6 37. Kf3 Ke6 38. Rg7 Kf6 39. Rd7 Rf8 40.
Rxa7 Rd8 41. b4 cxb4 42. Rb7 Ke5 43. Ke3 Rd6 44. Re7+ Kf6 45. Rb7 Ke5 46. Re7+
Kf6 47. Rb7 Ke5 1/2-1/2

[Event "36th ECC Open 2021"]
[Site "Struga MKD"]
[Date "2021.09.21"]
[Round "4.15"]
[Board "2"]
[White "Godart, Francois"]
[Black "Cramling, Dan"]
[Result "1-0"]
[WhiteTitle "IM"]
[BlackTitle "IM"]
[WhiteElo "2407"]
[BlackElo "2292"]
[WhiteTeam "Gambit Bonnevoie"]
[BlackTeam "Wasa SK"]
[WhiteFideId "208078"]
[BlackFideId "1700162"]
[EventDate "2021.09.18"]
[EventType "team"]

1. d4 Nf6 2. c4 c5 3. d5 b5 4. cxb5 a6 5. e3 axb5 6. Bxb5 Qa5+ 7. Nc3 Bb7 8. Bd2
Qb6 9. a4 e6 10. Nf3 exd5 11. a5 Qc7 12. Na4 Bc6 13. Be2 Be7 14. Nb6 Ra7 15. Bc3
O-O 16. O-O Qb7 17. Qd3 Na6 18. Rfd1 Nc7 19. Ne5 Bb5 20. Qc2 d6 21. Nf3 Bc6 22.
b4 d4 23. exd4 Nfd5 24. bxc5 dxc5 25. Rab1 Nb4 26. Qb2 Be4 27. dxc5 Bxb1 28.
Bxb4 Be4 29. c6 1-0

[Event "36th ECC Open 2021"]
[Site "Struga MKD"]
[Date "2021.09.21"]
[Round "4.15"]
[Board "3"]
[White "Nordstrom, Felix"]
[Black "Dishman, Stephen"]
[Result "0-1"]
[WhiteTitle "FM"]
[WhiteElo "2083"]
[BlackElo "2316"]
[WhiteTeam "Wasa SK"]
[BlackTeam "Gambit Bonnevoie"]
[WhiteFideId "1701509"]
[BlackFideId "403024"]
[EventDate "2021.09.18"]
[EventType "team"]

1. d4 d5 2. c4 c6 3. Nf3 Nf6 4. e3 Bf5 5. Bd3 Bxd3 6. Qxd3 e6 7. O-O Nbd7 8. b3
Ne4 9. Nfd2 Ndf6 10. Nxe4 Nxe4 11. Nd2 Nxd2 12. Bxd2 Be7 13. Rad1 O-O 14. e4
dxe4 15. Qxe4 Bf6 16. Bf4 Qa5 17. Qe2 Rfd8 18. Be5 Bxe5 19. dxe5 Qc5 20. g3 h6
21. Kg2 a5 22. f4 b5 23. cxb5 cxb5 24. Rxd8+ Rxd8 25. Rd1 Rc8 26. Kh3 a4 27.
bxa4 bxa4 28. Rd3 Qc1 29. Rd1 Rc2 30. Rd8+ Kh7 31. Qe4+ g6 32. Rd7 Kg7 33. Qb7
Qf1+ 34. Kg4 Qe2+ 35. Kh4 Qh5# 0-1

[Event "36th ECC Open 2021"]
[Site "Struga MKD"]
[Date "2021.09.21"]
[Round "4.15"]
[Board "4"]
[White "Filipovic, Slobodan J"]
[Black "Wenzel, Birger"]
[Result "1-0"]
[WhiteElo "2214"]
[BlackElo "1974"]
[WhiteTeam "Gambit Bonnevoie"]
[BlackTeam "Wasa SK"]
[WhiteFideId "939633"]
[BlackFideId "4657497"]
[EventDate "2021.09.18"]
[EventType "team"]

1. Nf3 Nf6 2. c4 b6 3. g3 Bb7 4. Bg2 e6 5. b3 c5 6. Bb2 Be7 7. Nc3 d6 8. O-O O-O
9. d4 cxd4 10. Qxd4 Nbd7 11. Rfd1 Qb8 12. Qf4 a6 13. Bh3 Nc5 14. Qe3 e5 15. Nh4
g6 16. Nf3 Re8 17. b4 Ncd7 18. Rac1 Ra7 19. Nd5 Nxd5 20. cxd5 Ba8 21. Qd3 b5 22.
e4 Nb6 23. Nd2 Na4 24. Ba1 Rc7 25. Nb3 Bd8 26. f4 Qa7+ 27. Kg2 f6 28. fxe5 fxe5
29. Be6+ Kg7 30. Rxc7+ Qxc7 31. Rc1 Qe7 32. Bc8 Qa7 33. Rf1 Rf8 34. Nd4 Rxf1 35.
Ne6+ Kg8 36. Qxf1 Be7 37. Qc1 Bf6 38. Nc7 Bg5 39. Be6+ Kf8 40. Qxg5 Qxc7 41.
Qf6+ 1-0

[Event "36th ECC Open 2021"]
[Site "Struga MKD"]
[Date "2021.09.21"]
[Round "4.15"]
[Board "5"]
[White "Andric, Jelena"]
[Black "Visintin, Roberto"]
[Result "1/2-1/2"]
[WhiteTitle "WFM"]
[WhiteElo "2056"]
[BlackElo "2029"]
[WhiteTeam "Wasa SK"]
[BlackTeam "Gambit Bonnevoie"]
[WhiteFideId "919853"]
[BlackFideId "807613"]
[EventDate "2021.09.18"]
[EventType "team"]

1. c4 c6 2. Nf3 d5 3. b3 Nf6 4. Bb2 e6 5. g3 Be7 6. Bg2 Nbd7 7. O-O O-O 8. d3 b6
9. Nd4 Bb7 10. cxd5 cxd5 11. Nd2 Rc8 12. h3 Qc7 13. Rc1 Qb8 14. Rxc8 Rxc8 15.
N2f3 Bf8 16. Qd2 g6 17. Rc1 a6 18. Rxc8 Qxc8 19. Qc2 Qxc2 20. Nxc2 Bg7 21. Ne5
Nxe5 22. Bxe5 Ne8 23. Bxg7 Kxg7 24. f4 Nd6 25. Nd4 Kf6 26. Kf2 Ke7 27. Bf3 f6
28. Nc2 h6 29. e3 a5 30. Ke2 Kd7 31. Kd2 Ke7 32. Nd4 e5 33. fxe5 fxe5 34. Ne2 d4
35. Bxb7 dxe3+ 36. Kxe3 Nxb7 37. d4 1/2-1/2

[Event "36th ECC Open 2021"]
[Site "Struga MKD"]
[Date "2021.09.21"]
[Round "4.15"]
[Board "6"]
[White "Dishman, Matthew"]
[Black "Eriksson, Lennarth"]
[Result "1/2-1/2"]
[WhiteElo "1949"]
[BlackElo "1941"]
[WhiteTeam "Gambit Bonnevoie"]
[BlackTeam "Wasa SK"]
[WhiteFideId "438642"]
[BlackFideId "1707736"]
[EventDate "2021.09.18"]
[EventType "team"]

1. e4 Nf6 2. e5 Nd5 3. d4 d6 4. c4 Nb6 5. exd6 cxd6 6. Nc3 g6 7. h3 Bg7 8. Nf3
O-O 9. Be2 Nc6 10. O-O e5 11. Bg5 f6 12. Be3 f5 13. dxe5 dxe5 14. Qxd8 Rxd8 15.
Bg5 Rf8 16. Nd2 Be6 17. c5 Nd7 18. Na4 h6 19. Bh4 g5 20. Bg3 Nd4 21. Bc4 Bxc4
22. Nxc4 f4 23. Bh2 Rab8 24. Rfd1 b5 25. cxb6 axb6 26. Nc3 b5 27. Nd6 Nf6 28.
Kf1 Rb6 29. Nde4 Nxe4 30. Nxe4 Rc8 31. Rac1 Rbc6 32. Rxc6 Rxc6 33. Nc3 Kf7 34.
Bg1 Ke6 35. f3 b4 36. Ne4 Rc2 37. Rb1 Bf8 38. Bf2 Nf5 39. a4 bxa3 40. bxa3 Bxa3
41. Rb6+ Ke7 42. Rb7+ Ke6 43. Rb6+ 1/2-1/2

[Event "36th ECC Open 2021"]
[Site "Struga MKD"]
[Date "2021.09.21"]
[Round "4.16"]
[Board "1"]
[White "Uruci, Endrit"]
[Black "Bosboom, Manuel"]
[Result "1/2-1/2"]
[BlackTitle "IM"]
[WhiteElo "2279"]
[BlackElo "2395"]
[WhiteTeam "Dardania"]
[BlackTeam "En Passant"]
[WhiteFideId "22100199"]
[BlackFideId "1000080"]
[EventDate "2021.09.18"]
[EventType "team"]

1. e4 c5 2. Nf3 d6 3. Bb5+ Bd7 4. Bxd7+ Qxd7 5. O-O Nf6 6. Re1 Nc6 7. b3 e6 8.
Bb2 Be7 9. d4 cxd4 10. Nxd4 O-O 11. c4 a6 12. Nc3 Rfd8 13. h3 Rab8 14. Nxc6 Qxc6
15. Rc1 Qe8 16. a4 Nd7 17. a5 b6 18. axb6 Rxb6 19. Na4 Rc6 20. b4 Rb8 21. Qb3
Bg5 22. Rc2 Qc8 23. Bd4 h6 24. Rb1 Qc7 25. Qd3 Rc8 26. Nb2 Qb7 27. Nd1 Qc7 28.
Nb2 Nb6 29. Bxb6 Qxb6 30. Na4 Qc7 31. c5 Be7 32. cxd6 Bxd6 33. Rd2 Bh2+ 34. Kh1
Rd6 35. Qe2 Rxd2 36. Qxd2 Bf4 37. Qb2 Be5 38. Qd2 Rd8 39. Qa2 Bd4 40. Nc5 Bxc5
41. bxc5 Qxc5 42. f3 a5 43. Qa4 Kh7 44. Ra1 Qe5 45. Rf1 Rd2 46. f4 Qd4 47. Qxa5
Re2 48. Re1 Rxe4 49. Rxe4 Qxe4 50. Qd2 f6 51. Qf2 Kg6 52. Qg3+ Kf7 53. Qf2 g5
54. fxg5 hxg5 55. Qa7+ Kg6 56. Qa1 Qd3 57. Kh2 Kf5 58. Qa7 Qd6+ 59. Kg1 e5 60.
Qf2+ Ke6 61. Qa2+ Qd5 62. Qa6+ Kf5 63. Qc8+ Kg6 64. Qe8+ Qf7 65. Qc6 Qe7 66.
Qe4+ Kh6 67. Qf5 Qd6 68. Qc8 e4 69. g4 Qg3+ 70. Kh1 Qxh3+ 71. Kg1 Qe3+ 72. Kh1
Qe1+ 73. Kg2 Qd2+ 74. Kh1 Qd1+ 75. Kg2 Qd2+ 76. Kh1 Qd5 77. Qh8+ Kg6 78. Qe8+
Kg7 79. Qe7+ Qf7 80. Qxe4 Qc7 81. Qe6 Qc1+ 82. Kg2 Qb2+ 83. Kf3 Qc3+ 84. Kg2 Qe5
85. Qc8 Kf7 86. Qd7+ Kf8 87. Qd8+ Kf7 88. Qd7+ Qe7 89. Qd5+ Qe6 90. Qb7+ Kg6 91.
Qb1+ Kh6 92. Qd1 Qe4+ 93. Kh2 Kg6 94. Qd7 1/2-1/2

[Event "36th ECC Open 2021"]
[Site "Struga MKD"]
[Date "2021.09.21"]
[Round "4.16"]
[Board "2"]
[White "De Graaf, Dick"]
[Black "Saraci, Korab"]
[Result "0-1"]
[WhiteElo "2076"]
[BlackElo "2154"]
[WhiteTeam "En Passant"]
[BlackTeam "Dardania"]
[WhiteFideId "1005677"]
[BlackFideId "4701968"]
[EventDate "2021.09.18"]
[EventType "team"]

1. e4 e5 2. d4 exd4 3. Nf3 Nc6 4. Nxd4 Bc5 5. Be3 Qf6 6. c3 Nge7 7. Be2 O-O 8.
O-O Nxd4 9. cxd4 Bb6 10. Nc3 c6 11. f4 d5 12. f5 dxe4 13. Nxe4 Qh4 14. Rf4 Qh6
15. Rf3 Qh4 16. Rf4 Qh6 17. Rf3 Qh4 18. Ng3 Nd5 19. Bf2 Nf6 20. Qd3 Ng4 21. Rf4
Nxf2 22. Rxh4 Nxd3 23. Bxd3 Rd8 24. Re1 g6 25. Kf1 Bxd4 26. fxg6 hxg6 27. Bc4 b5
28. Bb3 c5 29. Rhe4 c4 30. Re8+ Rxe8 31. Rxe8+ Kg7 32. Bc2 Bb7 33. Rxa8 Bxa8 34.
b3 Bd5 35. Ne2 Be5 36. g3 a5 37. Kf2 cxb3 38. axb3 Bc6 39. Ke3 a4 40. bxa4 bxa4
41. Nc1 Bb2 42. Nd3 a3 43. Bb1 Bf6 44. Nb4 Bd7 45. Kd2 Be6 46. Ba2 Be7 47. Nd5
Bd6 48. Ke3 Kh6 49. Bc4 Kg5 50. Kf3 Bc5 51. Ba2 Kf5 52. h4 Ke5 53. Nc3 Bxa2 54.
Nxa2 Bb6 55. Kg4 Ke4 56. Kg5 Bc7 57. Kf6 Bxg3 58. Kxf7 Bxh4 59. Kxg6 Be1 60. Kf6
Kd3 0-1

[Event "36th ECC Open 2021"]
[Site "Struga MKD"]
[Date "2021.09.21"]
[Round "4.16"]
[Board "3"]
[White "Salihu, Sami"]
[Black "Van Twillert, Laurents"]
[Result "1/2-1/2"]
[BlackTitle "CM"]
[WhiteElo "2207"]
[BlackElo "2082"]
[WhiteTeam "Dardania"]
[BlackTeam "En Passant"]
[WhiteFideId "935476"]
[BlackFideId "1009800"]
[EventDate "2021.09.18"]
[EventType "team"]

1. e4 c5 2. Nf3 Nf6 3. Nc3 d5 4. exd5 Nxd5 5. Bb5+ Bd7 6. Bc4 Nxc3 7. dxc3 Nc6
8. O-O Qc7 9. Ng5 e6 10. Qh5 Nd8 11. Nxh7 Ke7 12. Be3 b6 13. h3 f6 14. Qg6 Be8
15. Qe4 Bc6 16. Qd3 Nf7 17. Nxf8 Raxf8 18. Qe2 Ne5 19. Bf4 Rh4 20. Bxe5 fxe5 21.
Bb5 Re4 22. Qd3 c4 23. Bxc6 cxd3 24. Bxe4 dxc2 25. Bxc2 g5 26. Rad1 Qc4 27. Bb3
Qf4 28. Rde1 Rd8 29. Rd1 Rxd1 30. Rxd1 e4 31. Rd4 1/2-1/2

[Event "36th ECC Open 2021"]
[Site "Struga MKD"]
[Date "2021.09.21"]
[Round "4.16"]
[Board "4"]
[White "Reichardt, Robin"]
[Black "Hamiti, Gani"]
[Result "1-0"]
[BlackTitle "FM"]
[WhiteElo "2051"]
[BlackElo "2123"]
[WhiteTeam "En Passant"]
[BlackTeam "Dardania"]
[WhiteFideId "1051067"]
[BlackFideId "4701194"]
[EventDate "2021.09.18"]
[EventType "team"]

1. d4 d5 2. c4 dxc4 3. Nf3 a6 4. e3 e6 5. Bxc4 Nd7 6. O-O Ngf6 7. Qe2 Bd6 8. Rd1
Qe7 9. b3 O-O 10. a4 e5 11. dxe5 Nxe5 12. Nbd2 Bg4 13. Bb2 Rfd8 14. Rac1 c6 15.
Qf1 Nxf3+ 16. Nxf3 Bxf3 17. gxf3 Be5 18. Bxe5 Qxe5 19. Qg2 Qb2 20. Qg3 b5 21.
Qc7 Rd7 22. Qxc6 Rf8 23. axb5 axb5 24. Qxb5 Rfd8 25. Kg2 h5 26. Rxd7 Rxd7 27.
Rf1 Qd2 28. Qf5 Nd5 29. Kg3 Rd6 30. h4 Nf6 31. e4 Rd8 32. e5 Nd5 33. Qg5 Qxg5+
34. hxg5 Nb6 35. Rc1 Kf8 36. f4 Rd4 37. f3 Ke7 38. f5 h4+ 39. Kh3 Rf4 40. f6+
gxf6 41. exf6+ Ke8 42. Re1+ Kd8 43. Bxf7 Kd7 44. Re6 Kc7 45. Bh5 Nd7 46. Bg4 1-0

[Event "36th ECC Open 2021"]
[Site "Struga MKD"]
[Date "2021.09.21"]
[Round "4.16"]
[Board "5"]
[White "Jashari, Ardian"]
[Black "Reichardt, Jasper"]
[Result "1/2-1/2"]
[WhiteTitle "FM"]
[WhiteElo "2109"]
[BlackElo "1977"]
[WhiteTeam "Dardania"]
[BlackTeam "En Passant"]
[WhiteFideId "955388"]
[BlackFideId "1046578"]
[EventDate "2021.09.18"]
[EventType "team"]

1. e4 c5 2. Nf3 Nc6 3. d4 cxd4 4. Nxd4 Nf6 5. Nc3 e5 6. Ndb5 h6 7. Nd6+ Bxd6 8.
Qxd6 Qe7 9. Qxe7+ Kxe7 10. b3 d6 11. Ba3 a6 12. O-O-O Rd8 13. f3 Be6 14. Nd5+
Bxd5 15. exd5 Nb8 16. g3 Nbd7 17. Bh3 Ne8 18. Rhe1 f6 19. f4 Nc7 20. Rd3 b5 21.
c4 a5 22. Bxd7 Kxd7 23. fxe5 fxe5 24. c5 b4 25. c6+ Ke7 26. Bb2 Nb5 27. Bd4 Rf8
28. Rd2 Rf3 29. Be3 a4 30. Rd3 Rf7 31. Kb2 Ra6 32. bxa4 Rxa4 33. Rb3 Nc3 34.
Rxc3 bxc3+ 35. Kxc3 Rf3 36. Kd3 e4+ 37. Kc3 Rf5 38. Bd4 Rf3+ 39. Be3 Rf5 40. Bd4
Rf3+ 41. Be3 1/2-1/2